000 00452nam a22001697a 4500
003 OSt
005 20260318151047.0
008 260318b |||||||| |||| 00| 0 Pun d
020 _a9789394183803
040 _cBGL
100 _aਫਰੈਂਕ ਸਿੰਘ ਗੁਰਬਕ੍ਸ
245 _aਅਸਲੀ ਇਨਸਾਨ ਦੀ ਕਹਾਣੀ
260 _aPatiyala
_bAutumn Art
_c2023
300 _a366p
650 _aPunjabi
942 _2ddc
_cGB
999 _c44306
_d44306